Statistics for Countries that have won Germany at Fifa World cup

Click here to take the quiz!

General Stats

  • This quiz has been taken 489 times
  • The average score is 14 of 20

Answer Stats

HintAnswer% Correct
20060-2 (aet)Italy
98%
19703-4 (aet)Italy
98%
19821-3Italy
98%
20020-2Brazil
97%
19862-3Argentina
95%
20100-1Spain
94%
19662-4 (aet)England
90%
19583-6France
90%
19543-8Hungary
76%
19581-3Sweden
74%
19782-3Austria
62%
19980-3Croatia
59%
19941-2Bulgaria
53%
19382-4Switzerland
52%
19860-2Denmark
49%
19620-1Yugoslavia
49%
20100-1Serbia
45%
19740-1East Germany
44%
19341-3Czechoslovakia
43%
19821-2Algeria
33%

Score Distribution

Percentile by Number Answered

Percent of People with Each Score

Your Score History

You have not taken this quiz